LEADER 01125nam a2200289 i 4500 001 991001948709707536 005 20020508184101.0 008 010514s1974 it ||| | ita 035 $ab10936786-39ule_inst 035 $aPARLA151739$9ExL 040 $aDip.to Filosofia$bita 082 0 $a301.44 100 1 $aLapassade, Georges$0161328 245 12$aL'analisi istituzionale :$bgruppi, organizzazioni, istituzioni /$cGeorges Lapassade ; prefazione all'ed. italiana di Renzo Carli 260 $aMilano :$bISEDI,$c1974 300 $aXX, 188 p. ;$c23 cm. 490 0 $aCollana di psicosociologia delle organizzazioni ;$v5 500 $aTrad. C. Casnati 500 $aTit. orig.: Groupes, organisations, institutions 650 4$aGruppi sociali - Organizzazioni - Burocrazia 700 1 $aCasnati, Carlo 907 $a.b10936786$b23-02-17$c28-06-02 912 $a991001948709707536 945 $aLE005IF XXXI E 64$g1$iLE005IFA-13667$lle005$o-$pE0.00$q-$rn$s- $t0$u0$v0$w0$x0$y.i11043088$z28-06-02 996 $aAnalisi istituzionale$9919600 997 $aUNISALENTO 998 $ale005$b01-01-01$cm$da $e-$fita$git $h2$i1 LEADER 03525nas 2201201- 450 001 9910446744403321 005 20230222213018.0 011 $a1461-7013 035 $a(DE-599)ZDB1483566-6 035 $a(OCoLC)41963991 035 $a(CKB)954925562620 035 $a(CONSER)--2020207181 035 $a(EXLCZ)99954925562620 100 $a19990727a19939999 --- - 101 0 $aeng 135 $aur||||||||||| 181 $ctxt$2rdacontent 182 $cc$2rdamedia 183 $acr$2rdacarrier 200 10$aChildhood 210 1$a[Copenhagen] :$cMunksgaard,$d[1993]- 210 31$a[London] :$cSage Publications 300 $aRefereed/Peer-reviewed 311 $a0907-5682 531 $aCHILDHOOD A GLOBAL JOURNAL OF CHILD RESEARCH 531 $aCHILD.-GLOB. J. CHILD RES 606 $aChildren$vPeriodicals 606 $aChild development$vPeriodicals 606 $aChildren$xResearch$vPeriodicals 606 $aChildren 606 $aChild psychology 606 $aChild development 606 $aChildren's periodicals 606 $aChild 606 $aChild Behavior 606 $aChild Development 606 $aChild Welfare 606 $aPsychology, Child 606 $aPériodiques pour enfants 606 $aEnfants$xDéveloppement$vPériodiques 606 $aEnfants$xRecherche$vPériodiques 606 $aEnfants 606 $aEnfants$xPsychologie 606 $aEnfants$xDéveloppement 606 $achildren (people by age group)$2aat 606 $aChildren's periodicals$2fast$3(OCoLC)fst00856186 606 $aChild psychology$2fast$3(OCoLC)fst00854540 606 $aChild development$2fast$3(OCoLC)fst00854393 606 $aChildren$2fast$3(OCoLC)fst00854835 606 $aChildren$xResearch$2fast$3(OCoLC)fst00855115 606 $aKind$2gnd 606 $aGesellschaft$2gnd 606 $aZeitschrift$2gnd 606 $aOnline-Ressource$2gnd 606 $aKinderen$2gtt 606 $aDéveloppement de l'enfant$2rasuqam 606 $aDroits de l'enfant$2rasuqam 606 $aEnfance$2rasuqam 606 $aEnfant$2rasuqam 606 $aSociété$2rasuqam 606 $aSociologie$2rasuqam 608 $aPeriodicals.$2fast 608 $aPeriodicals.$2lcgft 615 0$aChildren 615 0$aChild development 615 0$aChildren$xResearch 615 0$aChildren. 615 0$aChild psychology. 615 0$aChild development. 615 0$aChildren's periodicals. 615 2$aChild 615 2$aChild Behavior 615 2$aChild Development 615 2$aChild Welfare 615 2$aPsychology, Child 615 6$aPériodiques pour enfants. 615 6$aEnfants$xDéveloppement 615 6$aEnfants$xRecherche 615 6$aEnfants. 615 6$aEnfants$xPsychologie. 615 6$aEnfants$xDéveloppement. 615 7$achildren (people by age group) 615 7$aChildren's periodicals. 615 7$aChild psychology. 615 7$aChild development. 615 7$aChildren. 615 7$aChildren$xResearch. 615 7$aKind 615 7$aGesellschaft 615 7$aZeitschrift 615 7$aOnline-Ressource 615 17$aKinderen. 615 17$aDéveloppement de l'enfant. 615 7$aDroits de l'enfant. 615 17$aEnfance. 615 17$aEnfant. 615 7$aSociété 615 7$aSociologie. 676 $a305.23 906 $aJOURNAL 912 $a9910446744403321 996 $aChildhood$92196442 997 $aUNINA LEADER 04934nam 2200781Ia 450 001 9910141288303321 005 20231215205831.0 010 $a1-118-23185-6 010 $a1-78539-342-1 010 $a1-280-59852-2 010 $a9786613628350 010 $a1-118-23182-1 010 $a1-118-23183-X 010 $a1-118-23184-8 035 $a(CKB)2670000000170083 035 $a(EBL)881734 035 $a(OCoLC)784885785 035 $a(SSID)ssj0000632639 035 $a(PQKBManifestationID)11463189 035 $a(PQKBTitleCode)TC0000632639 035 $a(PQKBWorkID)10609929 035 $a(PQKB)11165801 035 $a(MiAaPQ)EBC881734 035 $a(Au-PeEL)EBL881734 035 $a(CaPaEBR)ebr10560617 035 $a(CaONFJC)MIL362835 035 $a(EXLCZ)992670000000170083 100 $a20111202d2012 uy 0 101 0 $aeng 135 $aur|n|---||||| 181 $ctxt 182 $cc 183 $acr 200 00$aBiodiversity and pests$b[electronic resource] $ekey issues for sustainable management /$fedited by Geoff M. Gurr, Steve D. Wratten, William E. Snyder ; with Donna M.Y. Read 210 $aChichester, West Sussex, UK ;$aHoboken, NJ $cJohn Wiley & Sons$d2012 215 $a1 online resource (370 p.) 300 $aDescription based upon print version of record. 311 $a0-470-65686-7 320 $aIncludes bibliographical references and index. 327 $aBIODIVERS ITY AND INSECT PESTS; Contents; Preface; Foreword; Contributors; Introduction; Chapter 1: Biodiversity and insect pests; Fundamentals; Chapter 2: The ecology of biodiversity- biocontrol relationships; Chapter 3: The role of generalist predators in terrestrial food webs: lessons for agricultural pest management; Chapter 4: Ecologicale conomics of biodiversity use for pest management; Chapter 5: Soil fertility, biodiversity and pest management; Chapter 6:Plant biodiversity as a resource for natural products for insect pestmanagement 327 $aChapter 7: The ecology and utility of local and landscape scale effects in pest managementMethods; Chapter 8: Scale effects in biodiversity and biological control: methods and statistical analysis; Chapter 9: Pick and mix: selecting flowering plants to meet the requirements of target biological control insects; Chapter 10: The molecular revolution: using polymerase chain reaction Based methods to explore the role of predators in terrestrial food webs; Chapter 11: Employing Chemical Ecology to Understand and Exploit Biodiversity for Pest Management; Application 327 $aChapter 12: Using Decision Theory and Sociological Tools to Facilitate Adoption of Biodiversity-Based Pest Management StrategiesChapter 13: Ecological Engineering Strategies to Manage Insect Pests in Rice; Chapter 14: China's 'Green Plant Protection' Initiative: Coordinated Promotion Of Biodiversity-Related Technologies; Chapter 15: Diversity and Defence: Plant-Herbivore Interactions at Multiple Scales and Trophic Levels; Chapter 16: 'Push-Pull' Revisited: The Process of Successful Deployment of a Chemical Ecology Based Pest Management Tool 327 $aChapter 17: Using native plant species to diversify agricultureChapter 18: Using biodiversity for pest suppression in urban landscapes; Chapter 19: Cover crops and related methods for enhancing agricultural biodiversity and conservation biocontrol: successful case studies; Synthesis; Chapter 20: Conclusion: biodiversity as an asset rather than a burden; Index 330 $aBiodiversity offers great potential for managing insect pests. It provides resistance genes and anti-insect compounds; a huge range of predatory and parasitic natural enemies of pests; and community ecology-level effects operating at the local and landscape scales to check pest build-up. This book brings together world leaders in theoretical, methodological and applied aspects to provide a comprehensive treatment of this fast-moving field. Chapter authors from Europe, Asia, Africa, Australasia and the Americas ensure a truly international scope. Topics range from scientific principles, innov 606 $aAgricultural pests$xControl 606 $aAgrobiodiversity 606 $aBiodiversity 606 $aInsect pests$xControl 606 $aSustainability 606 $aSustainable agriculture 615 0$aAgricultural pests$xControl. 615 0$aAgrobiodiversity. 615 0$aBiodiversity. 615 0$aInsect pests$xControl. 615 0$aSustainability. 615 0$aSustainable agriculture. 676 $a363.7/8 701 $aGurr$b Geoff$0949367 701 $aRead$b Donna M. Y$0949368 701 $aSnyder$b William E.$f1969-$01451817 701 $aWratten$b Stephen D$0905615 801 0$bMiAaPQ 801 1$bMiAaPQ 801 2$bMiAaPQ 906 $aBOOK 912 $a9910141288303321 996 $aBiodiversity and pests$93652710 997 $aUNINA